Visualizzazione normale
Vista MARC
- Brocá, Guillermo María de,
di Personal Name
Records bibliografici associati: 2
001 - CONTROL NUMBER
- control field: 44014
003 - CONTROL NUMBER IDENTIFIER
- control field: IT-RoINE
005 - DATE AND TIME OF LATEST TRANSACTION
- control field: 20180201090534.0
008 - FIXED-LENGTH DATA ELEMENTS
- fixed length control field: 180201|| aca||aabn | a|a d
040 ## - CATALOGING SOURCE
- Original cataloging agency: IT-RoINE
- Transcribing agency: IT-RoINE
100 ## - HEADING--PERSONAL NAME
- Personal name: Brocá, Guillermo María de,
- Dates associated with a name: 1850-1918
400 1# - SEE FROM TRACING--PERSONAL NAME
- Personal name: Brocà, Guillem M. de (Guillem Maria),
- Dates associated with a name: 1850-1918
670 ## - SOURCE DATA FOUND
- Source citation: Work cat.: (IT-RoINE): Rahola y Trémols, Federico, 1858-1919 44013, Discursos leídos en la Real Academia de Buenas Letras de Barcelona en la recepción pública de D. Federico Rahola y Tremols el día 24 de Junio de 1902., 1902.